000
00293nam a22001217a 4500
008
180222b xxu||||| |||| 00| 0 eng d
041
_a
eng
080
_a
33
100
_a
52
101
_a
EKO
245
_a
The collected scientific papers of paul a. samuelson
_c
Stiglitz,J.E
942
_2
udc
_c
BK
999
_c
43144
_d
43144